Parable and story in Judaism and Christianity: [articles grew out of a Consultation on Parable and Story as Sources of Jewish and Christian Theology held in Lucerne, Switzerland, June 2 - 4, 1986]
| Corporate Authors: | ; |
|---|---|
| Contributors: | ; |
| Format: | Print Book |
| Language: | English |
| Subito Delivery Service: | Order now. |
| Check availability: | HBZ Gateway |
| WorldCat: | WorldCat |
| Interlibrary Loan: | Interlibrary Loan for the Fachinformationsdienste (Specialized Information Services in Germany) |
| Published: |
New York [u.a.]
Paulist Pr.
1989
|
| In: | Year: 1989 |
| Reviews: | [Rezension von: THOMA, CLEMENS, Parable and Story in Judaism and Christianity (Studies in Judaism and Christianity; A Stimulus Book)] (1991) (Boer, Martinus C. de, 1947 -)
|
| Volumes / Articles: | Show volumes/articles. |
| Series/Journal: | Studies in Judaism and Christianity
A Stimulus book |
| Standardized Subjects / Keyword chains: | B
Gospels
/ Parable
B Parable / Rabbinic literature |
| Further subjects: | B
Storytelling
Religious aspects Congresses
B Jesus Christ Parables Congresses B Conference program 1986 (Lucerne) B Parables Congresses B Parables in rabbinical literature Congresses |
| Online Access: |
Table of Contents |
MARC
| LEADER | 00000cam a2200000 c 4500 | ||
|---|---|---|---|
| 001 | 275702626 | ||
| 003 | DE-627 | ||
| 005 | 20251222212907.0 | ||
| 007 | tu | ||
| 008 | 990101s1989 xxu||||| 00| ||eng c | ||
| 020 | |a 0809130874 |9 0-8091-3087-4 | ||
| 035 | |a (DE-627)275702626 | ||
| 035 | |a (DE-576)020312717 | ||
| 035 | |a (DE-599)GBV275702626 | ||
| 035 | |a (OCoLC)231054438 | ||
| 035 | |a (OCoLC)19922103 | ||
| 035 | |a (DE-604)8036067997 | ||
| 040 | |a DE-627 |b ger |c DE-627 |e rakwb | ||
| 041 | |a eng | ||
| 044 | |c XD-US | ||
| 050 | 0 | |a BT375.2 | |
| 082 | 0 | |a 261.5/8 | |
| 084 | |a 0 |a 1 |2 ssgn | ||
| 084 | |a BC 7800 |2 rvk |0 (DE-625)rvk/9693: | ||
| 084 | |a 11.44 |2 bkl | ||
| 245 | 0 | 0 | |a Parable and story in Judaism and Christianity |b [articles grew out of a Consultation on Parable and Story as Sources of Jewish and Christian Theology held in Lucerne, Switzerland, June 2 - 4, 1986] |c Clemens Thoma ... ed. |
| 264 | 1 | |a New York [u.a.] |b Paulist Pr. |c 1989 | |
| 300 | |a VI, 258 S |b graph. Darst. | ||
| 336 | |a Text |b txt |2 rdacontent | ||
| 337 | |a ohne Hilfsmittel zu benutzen |b n |2 rdamedia | ||
| 338 | |a Band |b nc |2 rdacarrier | ||
| 490 | 0 | |a Studies in Judaism and Christianity | |
| 490 | 0 | |a A Stimulus book | |
| 500 | |a Enth. Kongreßberichte | ||
| 583 | 1 | |a Archivierung/Langzeitarchivierung gewährleistet |f SSG |x XA-DE-BW |2 pdager |5 DE-21 | |
| 583 | 1 | |a Archivierung prüfen |c 20240324 |f DE-4165 |z 1 |2 pdager | |
| 600 | 1 | 0 | |a Jesus Christ |x Parables |v Congresses |
| 601 | |a Theologe | ||
| 650 | 0 | |a Parables in rabbinical literature |v Congresses | |
| 650 | 0 | |a Parables |v Congresses | |
| 650 | 0 | |a Storytelling |x Religious aspects |v Congresses | |
| 655 | 7 | |a Konferenzschrift |y 1986 |z Luzern |0 (DE-588)1071861417 |0 (DE-627)826484824 |0 (DE-576)433375485 |2 gnd-content | |
| 689 | 0 | 0 | |d u |0 (DE-588)4015806-8 |0 (DE-627)104746149 |0 (DE-576)208913602 |a Bibel |2 gnd |p Evangelien |
| 689 | 0 | 1 | |d s |0 (DE-588)4021234-8 |0 (DE-627)104585161 |0 (DE-576)208936874 |2 gnd |a Gleichnis |
| 689 | 0 | |5 (DE-627) | |
| 689 | 1 | 0 | |d s |0 (DE-588)4021234-8 |0 (DE-627)104585161 |0 (DE-576)208936874 |2 gnd |a Gleichnis |
| 689 | 1 | 1 | |d s |0 (DE-588)4048110-4 |0 (DE-627)106192329 |0 (DE-576)209076100 |2 gnd |a Rabbinische Literatur |
| 689 | 1 | |5 (DE-627) | |
| 700 | 1 | |e Hrsg. |0 (DE-588)115873821 |0 (DE-627)077526805 |0 (DE-576)163300771 |4 edt |a Thoma, Clemens |d 1932-2011 | |
| 700 | 1 | |8 1\p |0 (DE-588)1075777879 |0 (DE-627)833844369 |0 (DE-576)163636699 |4 oth |a Wyschogrod, Michael |d 1928-2015 | |
| 710 | 2 | |0 (DE-588)10167373-5 |0 (DE-627)528010506 |0 (DE-576)264166264 |4 oth |a Universität Luzern |b Institut für Jüdisch-Christliche Forschung | |
| 711 | 2 | |0 (DE-588)5029184-1 |0 (DE-627)103405704 |0 (DE-576)19384124X |4 oth |a Consultation on Parable and Story as Sources of Jewish and Christian Theology |d 1986 |c Luzern | |
| 787 | 0 | 8 | |i Rezensiert in |a Boer, Martinus C. de, 1947 - |t [Rezension von: THOMA, CLEMENS, Parable and Story in Judaism and Christianity (Studies in Judaism and Christianity; A Stimulus Book)] |d 1991 |w (DE-627)1812351577 |
| 856 | 4 | 2 | |u https://swbplus.bsz-bw.de/bsz275702626inh.htm |m V:DE-576 |m B:DE-21 |v 20241127193758 |3 Inhaltsverzeichnis |7 1 |
| 883 | |8 1\p |a cgwrk |d 20241001 |q DE-101 |u https://d-nb.info/provenance/plan#cgwrk | ||
| 889 | |w (DE-627)314796401 | ||
| 935 | |a mteo | ||
| 935 | |i mdedup | ||
| 935 | |i Blocktest | ||
| 936 | r | v | |a BC 7800 |b Aufsatzsammlungen, Gesamtdarstellungen |k Theologie und Religionswissenschaften |k Bibelwissenschaft |k Biblische Theologie |k Sammelwerke |k Aufsatzsammlungen (Aufsätze mehrerer Autoren) |k Aufsatzsammlungen, Gesamtdarstellungen |0 (DE-627)1270713302 |0 (DE-625)rvk/9693: |0 (DE-576)200713302 |
| 936 | b | k | |a 11.44 |j Neues Testament |q coli-conc NSK->BK |q https://coli-conc.gbv.de/api/mappings/377a2860-3595-4e1a-8012-7384c3fec236 |0 (DE-627)106404326 |
| 951 | |a BO | ||
| ACO | |a 1 | ||
| BIB | |a 1 | ||
| CAN | |a 1 | ||
| ELC | |b 1 | ||
| ITA | |a 1 |t 1 | ||
| LOK | |0 000 xxxxxcx a22 zn 4500 | ||
| LOK | |0 001 3337712665 | ||
| LOK | |0 003 DE-627 | ||
| LOK | |0 004 275702626 | ||
| LOK | |0 005 20130326170829 | ||
| LOK | |0 008 900430||||||||||||||||ger||||||| | ||
| LOK | |0 040 |a DE-21 |c DE-627 |d DE-21 | ||
| LOK | |0 852 |a DE-21 | ||
| LOK | |0 852 1 |c 30 A 3738 |9 00 | ||
| LOK | |0 935 |a vord |a theo |a theo | ||
| LOK | |0 936ln |a t2.3 | ||
| LOK | |0 936ln |a t13 | ||
| LOK | |0 939 |a 30-04-90 |b l01 | ||
| LOK | |0 000 xxxxxcx a22 zn 4500 | ||
| LOK | |0 001 333771269X | ||
| LOK | |0 003 DE-627 | ||
| LOK | |0 004 275702626 | ||
| LOK | |0 005 20100408041443 | ||
| LOK | |0 008 011010||||||||||||||||ger||||||| | ||
| LOK | |0 040 |a DE-21-31 |c DE-627 |d DE-21-31 | ||
| LOK | |0 541 |e 351/94 (IJ) | ||
| LOK | |0 852 |a DE-21-31 | ||
| LOK | |0 852 1 |c Ra I b 130 |m p |9 00 | ||
| LOK | |0 938 |k p | ||
| LOK | |0 939 |a 10-10-01 |b l01 | ||
| ORI | |a SA-MARC-ixtheoa001.raw | ||
| REL | |a 1 | ||
| SPR | |a 1 |t IXT |t REL | ||
| STA | 0 | 0 | |a Parable,Rabbinic literature |
| STB | 0 | 0 | |a Littérature rabbinique,Parabole |
| STC | 0 | 0 | |a Literatura rabínica,Parábola |
| STD | 0 | 0 | |a Letteratura rabbinica,Parabola |
| STE | 0 | 0 | |a 拉比文献,拉比典籍,譬喻,比方,比喻 |
| STF | 0 | 0 | |a 拉比文獻,拉比典籍,譬喻,比方,比喻 |
| STG | 0 | 0 | |a Literatura rabínica,Parábola |
| STH | 0 | 0 | |a Прича,Раввинская литература |
| STI | 0 | 0 | |a Παραβολή,Ραββινική λογοτεχνία |
| SUB | |a CAN |a BIB |a REL | ||
| SYG | 0 | 0 | |a Evangelien,Evangelium,Kanonische Evangelien,Les Evangiles,I Vangeli,Evangelium,Evangelie,Gospels , Gleichnisse , Gleichnisse |
| TIM | |a 100019860101_100019861231 |b 1986 - 1986 | ||



